Normal view
MARC view
- Enders, Walter,
Entry Personal Name
001 - CONTROL NUMBER
- control field: 88831
003 - CONTROL NUMBER IDENTIFIER
- control field: NUST
005 - DATE AND TIME OF LATEST TRANSACTION
- control field: 20220206142427.0
008 - FIXED-LENGTH DATA ELEMENTS
- fixed length control field: 220206|| aca||aabn | a|a d
040 ## - CATALOGING SOURCE
- Original cataloging agency: NUST
- Transcribing agency: NUST
100 ## - HEADING--PERSONAL NAME
- Personal name: Enders, Walter,
- Dates associated with a name: 1948-
670 ## - SOURCE DATA FOUND
- Source citation: Work cat.: (NUST)3591: Enders, Walter, 1948-, Applied econometric time series /, 2008.
